000 00618nam a2200229 a 4500
001 BRCA_4389
005 20190320204643.0
008 090610s1940----mx-a######---#000-0#spa-#
041 _aspa
044 _amx
050 4 _aHF3233
_b.D57 2 1940
245 1 0 _aDirectorio social.
250 _a14
260 _aMéxico
_bH. Ruiz Sandoval
_c[1940]
300 _a317 p.
_bil.
_c17 cm.
500 _aVer también AM25 (ed. 38) y H13 (ed. 16 y 17)
500 _aDD46
651 4 _aMéxico
_vDirectorios
_xComercio
_910874
651 4 _aMéxico
_vGuías de viajeros
_xDescripción
_910875
902 _aGFM
942 _2lcc
_cB
999 _c4100
_d4100